000 00596nam a22001937a 4500
003 JO-AjAnu
005 20241022122707.0
008 231127b jo ||||| |||| 00| 0 ara d
020 _a9781683928386
040 _aJO-AjAnu
_bENG
_cJO-AjAnu
041 0 _aENG
_hENG
050 _aHG3261.
_b2022
100 1 _aMei, Len
_964503
_eAuthor
245 0 _aFINTECH FUNDAMENTALS :
_b Big Data,Cloud Computing,Digital Econom /
_cLen Mei
260 _aNew Delhi :
_bMERCURY LEARNING AND INFORMATION,
_c2022
300 _a227 pages
650 0 _aFintech-Digital
_964488
_xFintech-Digital
942 _2lcc
_cBK
_n0
999 _c33172
_d33172